000 00740nam a22001697a 4500
999 _c59427
_d59427
003 Ge_BSU
005 20230215132240.0
008 230215s1999 ge ||||| |||| 00| 0 geo d
041 _ageo
080 _a341.231.14 : 342.7 ა-26
245 _aადამიანის უფლებათა საერთაშორისო ბილი :
_bწ. 1.
264 _aთბილისი :
_bსაია,
_c1999.
300 _a68 გვ. ;
_b20 სმ.
653 _aცნობიერების ამაღლება ადამიანის უფლებებში საქართველოში
653 _aადამიანის ძირითადი უფლებები.
942 _2udc
_cBK